000
00230 a2200097 4500
001
33535
100
_a
Kelley.D.S
245
_a
Pro/Engineer Instructor + CD
260
_a
New Delhi
_b
Tata McGraw-Hill
_c
2004
090
_c
22309
_d
22309
942
_a
NUST-CAE
_c
M
_c
13680
999
_c
268608
_d
268608